000 00304nam a22001337a 4500
999 _c534251
_d534251
020 _a9656596919
040 _cMSOHAIL
082 _a891.4397
100 _aKhalid Masood Khan
_928416
245 _aAbba Kahan Say Labba Tha
260 _aLahore
_bJhangir Box
_cN.D.
300 _a256;p
942 _2ddc
_cBK